000 00429nam a2200169Ia 4500
008 221030s9999 xx 000 0 und d
020 _a9971512653
041 _aEnglish
082 _a105.23
_bSon
100 _aR. E. Sonntag
245 0 _aFundamentals Of Thermodynamics
_cby R. E. Sonntag, C. Borgnakke
260 _bJohn Wiley
_aIndia
_c2000
300 _a783
650 _aMechanical
700 _aC. Borgnakke
942 _cBK
999 _c7497
_d7497